000 00545nmm a2200169Ia 4500
008 251105s9999||||xx |||||||||||||||||und||
020 _a9788491921059
041 _aspa
100 _aVélez Sainz, Julio (ed.)
245 0 _aHacia un primer teatro clásico :
_b El teatro del Renacimiento en su laberinto
264 _a[Madrid, España] :
_bIberoamericana Vervuert,
_c2019
300 _a188 páginas
490 _aClásicos Hispánicos
650 _aTheater / Drama
856 _uhttps://public.digitaliapublishing.com/a/61912
942 _cCF
999 _c88783
_d88783